Bài giảng kinh tế lượng

Guardado en:
Detalles Bibliográficos
Autores principales:  Bài giảng kinh tế lượng,  Huỳnh, Đạt Hùng
Formato: Sách
Lenguaje:Undetermined
Publicado:  Trường Đại học Công nghiệp TP. Hồ Chí Minh  2022
Materias:
Etiquetas: Agregar Etiqueta
Sin Etiquetas, Sea el primero en etiquetar este registro!
Thư viện lưu trữ: Trung tâm Thư viện - Trường Đại học Công nghiệp TP. Hồ Chí Minh
LEADER 00564nam a2200157Ia 4500
001 UIH_08340
008 241002s9999 xx 000 0 und d
082 |a  330.015195 
100 |a  Bài giảng kinh tế lượng 
100 |a  Huỳnh, Đạt Hùng 
245 0 |a  Bài giảng kinh tế lượng 
260 |b  Trường Đại học Công nghiệp TP. Hồ Chí Minh 
260 |c  2022 
650 |a Kinh tế lượng 
927 |a Sách 
980 |a Trung tâm Thư viện - Trường Đại học Công nghiệp TP. Hồ Chí Minh